Normal view
MARC view
Entry Personal Name
001 - CONTROL NUMBER
- control field: 9460
003 - CONTROL NUMBER IDENTIFIER
- control field: OSt
005 - DATE AND TIME OF LATEST TRANSACTION
- control field: 20160616185053.0
008 - FIXED-LENGTH DATA ELEMENTS
- fixed length control field: 160616|| aca||aabn | a|a d
040 ## - CATALOGING SOURCE
- Original cataloging agency: OSt
- Transcribing agency: OSt
100 ## - HEADING--PERSONAL NAME
- Personal name: Check, William A
670 ## - SOURCE DATA FOUND
- Source citation: Work cat.: (OSt): Fettner, Ann Guidici 9459, The truth about AIDS:, 1985
